000 00303nam a22001337a 4500
008 170414b xxu||||| |||| 00| 0 eng d
020 _a045079206915
041 _aeng
080 _a612.39
100 _a10
101 _aSHM
245 _aTHE EVERYTHING DIABETES COOKBOOK
_cHAHN, P.R
942 _2udc
_cBK
999 _c10753
_d10753